|
|
|
|
| LEADER |
00000cam a2200000 7i4500 |
| 001 |
0000122525 |
| 005 |
20170427.0 |
| 008 |
170427s2016 my e o000 0 bm |
| 020 |
|
|
|a 9789674402761
|
| 040 |
|
|
|a PERPUSTAM
|b eng
|c PERPUSTAM
|e rda
|
| 090 |
0 |
0 |
|a 306.8309595117
|b AAR
|
| 100 |
1 |
|
|a Azman Ab. Rahman ,
|e author
|
| 245 |
1 |
0 |
|a KEFAHAMAN MASYARAKAT Negeri Sembilan TERHADAP TANAH ADAT
|c Azman Ab Rahman, Syaryanti Hussin, Mohamad Zaharuddin Zakaria, Lukman Abdul Mutalib, Izawati Wook, Nurfadhilah Che Amani, Che Zuhaida Saari, Nabilah Yusof, Syed Mohd Najib Syed Omar, Nawal Sholehudin, Ahmad Anis Muhd Fauzi, Ahmad Zaki Salleh, Siti Selihah Che Hassan, Tengku Mansur bin Tengku Zainal Abidin
|
| 264 |
3 |
1 |
|a Nilai, Negeri Sembilan :
|b Penerbit USIM
|c 2016
|
| 300 |
|
|
|a xiii,92 pages ;
|c 22cm.
|
| 336 |
|
|
|a text, rdacontent
|
| 337 |
|
|
|a unmediated
|2 rdamedia
|
| 338 |
|
|
|a volume
|2 rdacarrier
|
| 650 |
|
0 |
|a Adat law
|z Negeri Sembilan
|
| 650 |
|
0 |
|a Malays
|x Social life and customs
|
| 700 |
0 |
|
|a Ahmad Anis Muhd. Fauzi ,
|e author
|
| 700 |
0 |
|
|a Ahmad Zaki Salleh ,
|e author
|
| 700 |
0 |
|
|a Che Zuhaida Saari ,
|e author
|
| 700 |
0 |
|
|a Izawati Wook ,
|e author
|
| 700 |
0 |
|
|a Lukman Abdul Mutalib ,
|c Dr. ,
|e author
|
| 700 |
0 |
|
|a Mohamad Zaharuddin Zakaria ,
|e author
|
| 700 |
0 |
|
|a Nabilah Yusof ,
|e author
|
| 700 |
0 |
|
|a Nawal Sholehudin ,
|e author
|
| 700 |
0 |
|
|a Nurfadhilah Che Amani ,
|e author
|
| 700 |
0 |
|
|a Siti Selihah Che Hassan ,
|e author
|
| 700 |
0 |
|
|a Syaryanti Hussin ,
|e author
|
| 700 |
0 |
|
|a Syed Mohd. Najib Syed Omar ,
|e author
|
| 700 |
0 |
|
|a Tengku Mansur Tengku Zainal Abidin ,
|e author
|
| 999 |
|
|
|a 0000434430
|b Buku
|c Rak Terbuka
|e Perbadanan Perpustakaan Awam Melaka
|
| 999 |
|
|
|a 0000434431
|b Buku
|c Rak Terbuka
|e Perpustakaan Cawangan Jasin
|
| 999 |
|
|
|a 0000434432
|b Buku
|c Rak Terbuka
|e Perpustakaan Cawangan Masjid Tanah
|
| 999 |
|
|
|a 0000434433
|b Buku
|c Rak Terbuka
|e Perpustakaan Cawangan Merlimau
|
| 999 |
|
|
|a 0000434434
|b Buku
|c Rak Terbuka
|e Perbadanan Perpustakaan Awam Melaka
|
| 999 |
|
|
|a 0000434435
|b Buku
|c Rak Terbuka
|e Perbadanan Perpustakaan Awam Melaka
|